000 00737cab a2200277 4500
001 ABS55652
008 090401t1996 xxu||||| |||| 00| 0 eng d
035 _a(Sirsi) u17796
041 _aeng
100 _aMalik, I.
245 _aDowncast forecasts
260 _c1996
350 _a0
490 _aBuilding Engineer
_vAugust 1996, 4-7(4)
520 _aCFR and BMP forecast little growth for the construction industry in 1996. Sector breakdown.
650 _aCONSTRUCTION MARKET
650 _aFORECASTS
650 _aHOUSE BUILDING
650 _aINFRASTRUCTURE SECTOR
650 _aOUTPUT
650 _aPRIVATE SECTOR
650 _aPUBLIC SECTOR
690 _aBUILT ENVIRONMENT
942 _n0
948 _c04/03/1997
999 _c11804
_d11804